ბათუმის შოთა რუსთაველის სახელმწიფო უნივერსიტეტის ბიბლიოთეკა

იბერიულ-კავკასიური ენათმეცნიერება XXII= иберийско-кавказкое языкознание=IVERO-CAUCASIA (ბიბ.ჩანაწერი № 52404)

000 -LEADER
fixed length control field 01063nam a2200241Ia 4500
001 - CONTROL NUMBER
control field 19424
003 - CONTROL NUMBER IDENTIFIER
control field GE_BSU
008 - FIXED-LENGTH DATA ELEMENTS--GENERAL INFORMATION
fixed length control field 181216s||||||||xx |||||||||||||| ||und||
040 ## - CATALOGING SOURCE
Transcribing agency GE_BSU
080 ## - UNIVERSAL DECIMAL CLASSIFICATION NUMBER
Universal Decimal Classification number 81'(063)
245 ## - TITLE STATEMENT
Title იბერიულ-კავკასიური ენათმეცნიერება XXII= иберийско-кавказкое языкознание=IVERO-CAUCASIA
245 ## - TITLE STATEMENT
Statement of responsibility, etc. სარედ კოლ:ივ.გიგინეიშვილი,გ.თოფურია და სხვ.მთ.რედ:ქ.ლომთათიძე
260 ## - PUBLICATION, DISTRIBUTION, ETC.
Place of publication, distribution, etc. თბილისი
260 ## - PUBLICATION, DISTRIBUTION, ETC.
Name of publisher, distributor, etc. მეცნიერება
260 ## - PUBLICATION, DISTRIBUTION, ETC.
Date of publication, distribution, etc. 1980
300 ## - PHYSICAL DESCRIPTION
Extent 357გვ;24სმ.
300 ## - PHYSICAL DESCRIPTION
Other physical details 1ფ პორტრეტი
653 ## - INDEX TERM--UNCONTROLLED
Uncontrolled term ენათმეცნიერება
653 ## - INDEX TERM--UNCONTROLLED
Uncontrolled term ეძღვნება აკად.ვარლამ თოფურიას დაბადების 80 წლის თავს
653 ## - INDEX TERM--UNCONTROLLED
Uncontrolled term ქართული ენა
942 ## - ADDED ENTRY ELEMENTS (KOHA)
Koha item type წიგნი
ეგზემპლარები
Withdrawn status Lost status Damaged status Not for loan Date acquired Barcode Date last seen Price effective from Koha item type
        2018-12-17 48359 2018-12-17 2018-12-17 წიგნი
        2018-12-17 48360 2018-12-17 2018-12-17 წიგნი